Diseño experimental y análisis de varianza aplicados a la producción de hidrógeno y oxígeno (Registro nro. 2724)

Detalles MARC
000 -LEADER
campo de control de longitud fija 02306nam a22003737a 4500
001 - NÚMERO DE CONTROL
campo de control 42835
003 - IDENTIFICADOR DE NÚMERO DE CONTROL
campo de control gtgccic
005 - FECHA Y HORA DE LA ÚLTIMA TRANSACCIÓN
campo de control 20260313124714.0
007 - CAMPO FIJO DE DESCRIPCIÓN FÍSICA--INFORMACIÓN GENERAL
campo de control de longitud fija ta
008 - DATOS DE LONGITUD FIJA--INFORMACIÓN GENERAL
campo de control de longitud fija 260313b gt ||||| |||| 00| 0 spa d
040 ## - FUENTE DE CATALOGACIÓN
Centro catalogador/agencia de origen gtgccic
Lengua de catalogación spa
Centro/agencia transcriptor gtgccic
Normas de descripción rda
084 ## - OTRO NÚMERO DE CLASIFICACIÓN
Número de control del registro de autoridad o número normalizado TPI-18-0137
100 10 - ENTRADA PRINCIPAL--NOMBRE DE PERSONA
Nombre de persona William Eduardo Fagiani Cruz
Término indicativo de función/relación autor
245 10 - MENCIÓN DEL TÍTULO
Título Diseño experimental y análisis de varianza aplicados a la producción de hidrógeno y oxígeno
Resto del título de un reactor electrolítico, modificando temperatura y composición química, para estimar sus condiciones óptimas de funcionamiento /
Mención de responsabilidad, etc. Fagiani Cruz, William Eduardo
264 #1 - PRODUCCIÓN, PUBLICACIÓN, DISTRIBUCIÓN, FABRICACIÓN Y COPYRIGHT
Producción, publicación, distribución, fabricación y copyright Guatemala :
Nombre del de productor, editor, distribuidor, fabricante USAC, Facultad de Ingeniería ;
Fecha de producción, publicación, distribución, fabricación o copyright 2018.-
300 ## - DESCRIPCIÓN FÍSICA
Extensión 104 p. :
Otras características físicas il. ;
Dimensiones 28 cm
336 ## - TIPO DE CONTENIDO
Fuente rdacontenido
Término de tipo de contenido Texto
Código de tipo de contenido txt
337 ## - TIPO DE MEDIO
Fuente rdamedio
Nombre/término del tipo de medio sin mediación
Código del tipo de medio n
338 ## - TIPO DE SOPORTE
Fuente rdasoporte
Nombre/término del tipo de soporte volumen
Código del tipo de soporte nc
502 ## - NOTA DE TESIS
Nota de tesis Tesis Postgrado
Tipo de título MAESTRO EN ARTES EN ESTADÍSITICA APLICADA
Nombre de la institución que otorga el título USAC, Facultad de Ingeniería, Escuela de Postgrado
Año de obtención del título 2018
Identificador de la tesis TPI-18-0137
504 ## - NOTA DE BIBLIOGRAFÍA, ETC.
Nota de bibliografía, etc. Nota Bibliografía pag. 85
505 ## - NOTA DE CONTENIDO CON FORMATO
Título 1. MARCO REFERENCIAL
505 ## - NOTA DE CONTENIDO CON FORMATO
Título 2. MARCO TEÓRICO (Reactores electrolíticos)
505 ## - NOTA DE CONTENIDO CON FORMATO
Título 3. PRESENTACIÓN DE RESULTADOS (Efecto de la temperatura)
505 ## - NOTA DE CONTENIDO CON FORMATO
Título 4. DISCUSIÓNDE RESULTADOS
520 ## - RESUMEN, ETC.
Sumario, etc. Una tecnología que presenta ventajas para el medio ambiente y la economía, solamente puede ser rechazada cuando no se cuenta con la información adecuada a nivel colectivo. Esto es lo que ocurre con los reactores electrolíticos, que tienen la posibiidad de mejorar el proceso de combustión de un vehículo, actualmente ningún diseño automotriz comercializado en el país lo incluye.<br/>El objetivo de la presente investigación es generar información estadísticamente fundamentada para caracterizar el comportamiento de un reactor electrolítico de diseño usual, y encontrar las condiciones a las que funciona generando flujos máximos de gases (hidrógeno y oxígeno), mediante un diseño experimental que da origen a un modelo de predicción para dicho comportamiento.
650 ## - PUNTO DE ACCESO ADICIONAL DE MATERIA--TÉRMINO DE MATERIA
Término de materia o nombre geográfico como elemento de entrada ANÁLISIS DE VARIANZA
650 ## - PUNTO DE ACCESO ADICIONAL DE MATERIA--TÉRMINO DE MATERIA
Término de materia o nombre geográfico como elemento de entrada HIDRÓGENO Y OXÍGENO
650 ## - PUNTO DE ACCESO ADICIONAL DE MATERIA--TÉRMINO DE MATERIA
Término de materia o nombre geográfico como elemento de entrada REACTORES NUCLEARES
700 ## - ENTRADA AGREGADA--NOMBRE PERSONAL
Nombre de persona Dr. Adolfo Narciso Gramajo Antonio
Término indicativo de función/relación asesor
700 ## - ENTRADA AGREGADA--NOMBRE PERSONAL
Nombre de persona Mtra. Mayra Maritza Quemé Peña
Término indicativo de función/relación Co-asesor
942 ## - ELEMENTOS DE ENTRADA SECUNDARIOS (KOHA)
Fuente de la clasificación o esquema de estantería Clasificación Decimal Dewey
Tipo de ítem Koha TESISPOSTGRADO
945 ## - PROCESAMIENTO DE INFORMACIÓN LOCAL (OCLC)
a amlo
Existencias
Estatus retirado Estado de pérdida Fuente de la clasificación o esquema de estantería Estado de daño No para préstamo Biblioteca de origen Biblioteca actual Fecha de adquisición Número de inventario Total de préstamos Signatura topográfica completa Código de barras Visto por última vez Precio de reemplazo Tipo de ítem Koha Nota pública
    Clasificación Decimal Dewey     CENTRO DE INFORMACIÓN A LA CONSTRUCCIÓN-CICON CENTRO DE INFORMACIÓN A LA CONSTRUCCIÓN-CICON 13/03/2026 P20080137   TPI-18-0137 20180137 13/03/2026 13/03/2026 TESISPOSTGRADO disponible